Obálka Náhled e-knihy:
PDF Epub
Pro půjčování e-knih musíte být přihlášeni.
Jak si půjčit online?

Hraničářův učeň : první roky. Bitva na Hackhamské pláni /

Dlouho předtím, než se z nich stanou hrdinové, jsou Crowley mladým hraničářem a Halt uprchlíkem ze země za mořem. Druhý díl fantasy řady dějově předcházející Hraničářově učni. Pro starší děti.

Uloženo v:
Série:Hraničářův učeň: První roky, část 2
Hlavní autor: Flanagan, John 1944-2026 (Autor)
Další autoři: Pohl, Milan, 1982- (Autor)
Médium: E-kniha
Jazyk:Czech
Vydáno: V Praze : Egmont Publishing, 2017
Vydání:První vydání
Edice:Fantasy (Egmont)
Témata:
Příbuzné jednotky:Z cyklu:: Hraničářův učeň: První roky
Tagy:
Žádné tagy
LEADER 03042nam a2200553 i 4500
001 310804
003 CZ PrSKC
005 20260601215655.0
007 ta
008 170411s2017 xr c 000 f cze
015 |a cnb002892761 
020 |a 9788025239230  |q (vázáno)  |z 80-252-3923-0 
035 |a (OCoLC)989919084 
040 |a OLA001  |b cze  |d ABA001  |e rda 
041 1 |a cze  |h eng 
072 7 |a 821.111-3  |x Anglická próza, anglicky psaná  |2 Konspekt 
072 7 |a 821-93  |x Literatura pro děti a mládež (beletrie)  |2 Konspekt 
080 |a 821.111(94)-31  |2 MRF 
080 |a 821-93  |2 MRF 
080 |a (0:82-312.9)  |2 MRF 
100 1 |a Flanagan, John  |q (John Anthony),  |d 1944-2026  |7 xx0081982  |4 aut 
240 1 0 |a Battle of Hackham Heath.  |l Česky 
245 1 0 |a Hraničářův učeň :  |b první roky.  |p Bitva na Hackhamské pláni /  |c John Flanagan ; z anglického originálu Ranger's apprentice, the early years - The battle of Hackham Heath přeložil Milan Pohl 
246 3 0 |a Bitva na Hackhamské pláni 
250 |a První vydání 
264 1 |a V Praze :  |b Egmont Publishing,  |c 2017 
300 |a 351 stran ;  |c 21 cm 
336 |a text  |b txt  |2 rdacontent 
336 |a text  |b txt  |2 rdacontent 
337 |a bez média  |b n  |2 rdamedia 
338 |a svazek  |b nc  |2 rdacarrier 
490 1 |a Fantasy 
500 |a Na hřbetu označení: 2 
520 2 |a Dlouho předtím, než se z nich stanou hrdinové, jsou Crowley mladým hraničářem a Halt uprchlíkem ze země za mořem. Druhý díl fantasy řady dějově předcházející Hraničářově učni. Pro starší děti. 
520 2 |a Mír v Araluenu je v ohrožení a nově korunovaný král Duncan se připravuje na válku. Morgarath zatím potají shromažďuje armádu divokých bestií známých jako wargalové. Halt se chystá na zdánlivě nemožný úkol - zdolat Deštné a temné hory, připlížit se nepozorovaně k nepříteli a odhalit jeho temné plány. Ví, že jediný chybný krok může mít nedozírné následky, protože v bitvě na Hackhamské pláni se bude rozhodovat o osudu celého království. Nakladatelská anotace. 
655 7 |a australské romány  |7 fd131842  |2 czenas 
655 7 |a fantasy romány  |7 fd184199  |2 czenas 
655 7 |a publikace pro mládež  |7 fd133157  |2 czenas 
655 9 |a Australian fiction  |2 eczenas 
655 9 |a fantasy novels  |2 eczenas 
655 9 |a juvenile literature  |2 eczenas 
700 1 |a Pohl, Milan,  |d 1982-  |7 xx0064353  |4 trl 
787 0 8 |i Z cyklu:  |t Hraničářův učeň: První roky  |g 2 
830 0 |a Fantasy (Egmont) 
900 |a ABA001  |b 21 
044 |a xr 
910 |a RBIT002 
998 |d 173868  |a https://core.palmknihy.cz/api/books/173868/cover?pa5tvl  |b https://core.palmknihy.cz/api/books/173868/cover/400?pa5tvl  |c https://core.palmknihy.cz/api/books/173868/cover/50?pa5tvl  |e 2026-12-01  |g 352  |i 9788025239230  |j https://core.palmknihy.cz/api/books/173868/preview.epub  |k https://core.palmknihy.cz/api/books/173868/preview.pdf  |l   |q 49  |r 1  |s https://www.palmknihy.cz/kniha/173868  |t ebook  |y 2017  |z 0  |v První roky  |w 2 
999 |d 310802